Değerler eğitimi (Record no. 9737)

MARC details
000 -BAŞLIK
Sabit Uzunlukta Kontrol Alanı 01593na a2200409 4500
001 - KONTROL NUMARASI
Denetim Alanı 18026
003 - KONTROL NUMARASI IDENTIFIER
Denetim Alanı MIRAKIL
005 - SON İŞLEM TARİHİ VE ZAMANI
Denetim Alanı 20181213155255.0
008 - SABİT-BOY VERİ ELEMANLARI - GENEL BİLGİLER
Sabit Uzunlukta Kontrol Alanı 161109b tu 000 0
020 ## - ULUSLARARASI STANDART KİTAP NUMARASI
Uluslararası Standart Kitap Numarası 9786053994473
035 ## - SİSTEM KONTROL NUMARASI
Sistem Kontrol Numarası 18026
040 ## - KATALOGLAMA KAYNAK
Orijinal Kataloglama Ajansı Milas
Kataloglama Dili tur
Metne Dönüştürmek Ajansı TR-AnCHP
041 ## - DİL KODU
Metin / Ses Parça Veya Ayrı Başlığın Dil Kodu tur
082 ## - DEWEY ONLU SINIFLANDIRMA NUMARASI
Sınıflandırma Numarası 370
Ürün Numarası D33 2016
090 ## - SINIFLAMA NUMARASI
Sınıflama Numarası 370 D33 2016
245 ## - BAŞLIK TABLOSU
Başlık Değerler eğitimi
Başlığın Kalan eğitimde farklılık ve katılım hakkı
Sorumluluk Tablosu, Vb derleyen Ayhan Kaya, Gülperi Vural, Aslı Aydın
246 ## - UNVAN FORM VARYING
Başlık Doğru / Kısa Başlığı Eğitimde farklılık ve katılım hakkı
260 ## - YAYIN, DAĞITIM, VB
Yayın, Dağıtım, Vb Yeri İstanbul
Yayıncı, Dağıtıcı, Vs Adı İstanbul Bilgi Üniversitesi Yayınları
Yayın, Dağıtım, Vb Tarihi 2016
300 ## - FİZİKSEL TANIM
Kapsam xxiii, 229 s.
Diğer Fiziksel Ayrıntıları şkl., ; tbl.; grf.
Boyutlar 23 sm.
440 ## - SERİSİ TABLOSU / KATMA GİRİŞİ - BAŞLIK
Başlık İstanbul Bilgi Üniversitesi yayınları
Hacim / Ardışık Tanımı 556
490 ## - SERİSİ TABLOSU
Seri Beyanı Eğitim
Hacim / Ardışık Tanımı 7
505 ## - BİÇİMLENDİRİLDİ İÇİNDEKİLER NOT
Biçimlendirilmiş İçeriği Dikkat Avrupa değerleri -- Öğretmen araştırması sonuçları -- Çocuklar ve demokratik eğitim -- Toplumsal cinsiyet ve eşit vatandaşlık-- Alternatif pedagojik uygulamalar
650 ## - KONU KATMA GİRİŞ - TOPİKAL DÖNEM
Topikal Süreli Veya Coğrafi Ad Giriş Elemanı Eğitim sistemi
Coğrafi Alt Bölümü Türkiye
650 ## - KONU KATMA GİRİŞ - TOPİKAL DÖNEM
Topikal Süreli Veya Coğrafi Ad Giriş Elemanı Alternatif eğitim
Coğrafi Alt Bölümü Türkiye
650 ## - KONU KATMA GİRİŞ - TOPİKAL DÖNEM
Topikal Süreli Veya Coğrafi Ad Giriş Elemanı Suriyeli mülteciler
Genel Alt Bölümü Eğitim
Coğrafi Alt Bölümü Türkiye
650 ## - KONU KATMA GİRİŞ - TOPİKAL DÖNEM
Topikal Süreli Veya Coğrafi Ad Giriş Elemanı Eğitim kurumları
Genel Alt Bölümü Ölçme ve değerlendirme
Coğrafi Alt Bölümü Türkiye
650 ## - KONU KATMA GİRİŞ - TOPİKAL DÖNEM
Topikal Süreli Veya Coğrafi Ad Giriş Elemanı Avrupa değerleri
Genel Alt Bölümü Eğitim ve öğretim
Coğrafi Alt Bölümü Türkiye
650 ## - KONU KATMA GİRİŞ - TOPİKAL DÖNEM
Topikal Süreli Veya Coğrafi Ad Giriş Elemanı Değerler
Genel Alt Bölümü Eğitim ve öğretim
Coğrafi Alt Bölümü Türkiye
650 ## - KONU KATMA GİRİŞ - TOPİKAL DÖNEM
Topikal Süreli Veya Coğrafi Ad Giriş Elemanı Eğitim ve öğretim
Coğrafi Alt Bölümü Türkiye
700 ## - KATMA GİRİŞ - KİŞİSEL İSİM
Kişisel Ad Aydın, Aslı
700 ## - KATMA GİRİŞ - KİŞİSEL İSİM
Kişisel Ad Vural, Gülperi
700 ## - KATMA GİRİŞ - KİŞİSEL İSİM
Kişisel Ad Kaya, Ayhan
710 ## - KATMA GİRİŞ - KURUMSAL ADI
Giriş Elemanı Olarak Kurumsal Ad Veya Yargı Alanı Adı Jean Monnet Mükemmeliyet Merkezi
710 ## - KATMA GİRİŞ - KURUMSAL ADI
Giriş Elemanı Olarak Kurumsal Ad Veya Yargı Alanı Adı Avrupa Birliği Enstitüsü
830 ## - SERİSİ EKLENDİ GİRİŞ - ÜNİFORM ADI
Üniforma Başlık Devlet Planlama Teşkilatı Yayınları
942 ## - EKLENDİ GİRİŞ ELEMANLARI (KOHA)
Sınıflandırma Veya Raf Düzeni Kaynak Dewey Decimal Classification
Koha Öğesi Türü Books
999 ## - SİSTEM KONTROL NUMARALARI (KOHA)
Koha Biblionumber 9737
Koha Biblioitemnumber 9737
Holdings
Kalıcı Konum Mevcut Konum Edinme Tarihi Edinim Kaynak Toplam Check-Out'Lar Tam Çağrı Numarası Barkod Tarih Son Görülme İtibaren Geçerli Fiyatlar Koha Öğesi Türü
CHP Kütüphanesi CHP Kütüphanesi 11/09/2016 Bağış   370 D33 2016 009300 11/09/2016 11/09/2016 Books